000 00587nam a22002537a 4500
003 UA-OsUOA
001 26897
007 ta
008 20040610b un ||||| |||| 00| 0 ukr d
100 _aПодсолонко О.А.
090 _a658
_bП44
942 _cBK
040 _aUA-OsUOA
_bukr
_cUA-OsUOA
_dUA-OsUOA
245 _aМенеджмент: теорія і практика
300 _a370 с.
955 _a0
041 _aukr
080 _a658
020 _a966-8253-08-6
260 _aКиїв
_bЦУЛ
_c2003
044 _aUA
650 7 _2UDC
999 _c313233
_d313233